La mediacin̤ como estrategia de resolucin̤ de conflictos en m̀bitos sociales y educativos

Bibliographic Details
Main Author: Ordę̤z Olmedo, Eva
Other Authors: Delgado Algarra, Emilio Još, Fernǹdez Martn̕ez, Mara̕ del Mar, Hervs̀ Gm̤ez, Carlos
Format: eBook
Language:Spanish
Published: Madrid: Dykinson, 2020
Subjects:
Online Access:Acceso restringido

MARC

LEADER 00000nam a22000007a 4500
005 20200528171837.0
007 cr|||| ||||
008 200528s2020 es |||||s|||| 00||0 spa d
020 |a 978-84-1324-652-9 
035 |a 31532 
040 |a vLex 
090 |c 10442  |d 10442 
100 1 |a Ordę̤z Olmedo, Eva 
245 1 2 |a La mediacin̤ como estrategia de resolucin̤ de conflictos en m̀bitos sociales y educativos  |h [Recurso electrn̤ico] /  |c Eva Ordę̤z Olmedo, Emilio Jos ̌Delgado Algarra, Mara̕ del Mar Fernǹdez Martn̕ez, Carlos Hervs̀ Gm̤ez 
256 |a Servicio en ln̕ea 
260 |a Madrid:  |b Dykinson,  |c 2020 
300 |a 1 recurso electrn̤ico 
506 1 |a Disponible solo en los productos indicados  |d vLex Global  |d vLex Global (Academic Edition, excluding Law Schools)  |d vLex Global (U.S. Academic Edition, Law Schools)  |d vLex Global (U.S. Academic Edition, excluding Law Schools)  |d vLex Global (Academic Edition, Law Schools) 
650 0 4 |a Derecho Procesal  |z Espaą 
650 0 4 |a Ciencias sociales  |z Espaą 
700 1 |a Delgado Algarra, Emilio Još 
700 1 |a Fernǹdez Martn̕ez, Mara̕ del Mar 
700 1 |a Hervs̀ Gm̤ez, Carlos 
740 0 |a vLex Libros (Servicio en ln̕ea) 
856 4 0 |u http://vlex.com/source/mediacion-estrategia-resolucion-conflictos-ambitos-sociales-educativos-31532  |z Acceso restringido 
942 |c BOOK 
999 0 |a Procedural Law 
999 0 |a Social sciences